000 00661nam a2200181Ia 4500
005 20250508163331.0
008 008 250505s9999 xx 000 0 eng d
020 _a0-903632-15-2
037 _aTextual
040 _aFEDL
_beng
_cFEDL
041 _aeng
_2eng
084 _a374, INT
_qFEDL
245 0 _aSeeking the barefoot technologist: A report of a workshop on distance teaching and rural development held by the international extension college at Dartington Hall, Devon, England, 3-9 September 1977
260 _aEngland
_bInternational Extension College
_c1978
300 _a53p.
942 _cTEXL
_h374, INT
999 _c1382379
_d1382379